000
00308nam a22001337a 4500
020
_a
0-340-56983-2
082
_a
823
_b
BLY/S
100
_a
ENID BLYTON
245
_a
SECRET SEVEN ON THE TRIAL
260
_a
LONDON
_b
HODDER CHILDREN'S BOOK
_c
1992
300
_a
111
650
_a
CHILDREN'S STORY BOOK
942
_c
BK
999
_c
119
_d
119